000
00277nam a2200085Ia 4500
245
0
_a
Voorkom uitbranding : hoe om volgens God se tempo te leef
100
_a
ENDRES, Annelize Wellington, 2003 1ste uitg
_9
95721
942
_c
BK
008
210817s9999 xx 000 0 und d
999
_c
399252
_d
399251